THE GIRL WHO PLAYED (Record no. 33893)

MARC details
000 -LEADER
fixed length control field 00256nam a22001217a 4500
003 - CONTROL NUMBER IDENTIFIER
control field SGT
082 ## - DEWEY DECIMAL CLASSIFICATION NUMBER
Classification number 364.973
Item number LAR
100 ## - MAIN ENTRY--PERSONAL NAME
Personal name LARSSON STIEG
245 ## - TITLE STATEMENT
Title THE GIRL WHO PLAYED
260 ## - PUBLICATION, DISTRIBUTION, ETC. (IMPRINT)
Place of publication, distribution, etc USA
Name of publisher, distributor, etc VINTAGE CRIME
Year of Publication 2010
300 ## - PAGE DESCRIPTION
No. of Pages 630
942 ## - ADDED ENTRY ELEMENTS (KOHA)
Source of classification or shelving scheme Dewey Decimal Classification
Koha item type Books
Holdings
Withdrawn status Lost status Source of classification or shelving scheme Damaged status Not for loan Collection code Home library Current library Shelving location Date acquired SGTU Total Checkouts Full call number Accession No. (Barcode) Date last seen Bill Date Koha item type
    Dewey Decimal Classification     MASS COMMUNICATION SGT Science & Social Sciences Library SGT Science & Social Sciences Library Text Book 04/02/2026 SGTU   364.973 LAR MC1558 04/02/2026 04/02/2026 Books